000 01431nam a22003017a 4500
001 1479
005 20251023145951.0
020 _a9789995054205
040 _aFISKH
_beng
_cFISKH
_dFISKH
082 _a617.6
100 _aTepirro, Chhe
245 _aការថែទាំមាត់ធ្មេញ /
250 _aបោះពុម្ពលើកទី ៨ កុម្ភៈ ២០២២
260 _aPhnom Penh :
_bSipar,
_c2022.
300 _a28 pages :
_bcolor illustrations ;
_c29 cm
490 _aបំណិនជីវិត
505 _aZ'
520 _aបង្ហាញពីតួនាទីរបស់មាត់ធ្មេញពីមូលហេតុដែលបង្កឳ្យមានជំងឺ ពីរបៀបដុសសម្អាត ព្រមទាំងការញ៉ាំចំណីដែលធ្វើឳ្យធ្មេញរឹងមាំទៀតផង។
520 _aDemonstrate the role of the mouth, the cause of the disease, how to brush and eat, as well as eating foods that strengthen the teeth.
521 _a1120
_bLexile estimate
521 _aZ'
_bRaz-Plus
650 _aតួនាទី
_vមូលហេតុ
_xសម្អាត
650 _aRole
_vCause
_xClean
700 _aSophaleap, Nhoek
_cillustrator
700 _aRotha, Ouk
_cillustrator
700 _aHoksrin, Chrim
_cillustrator
942 _2ddc
_cBK
_n0
999 _c1479
_d1479